Vista normal
Vista MARC
- Teología dogmática
Entrada Tema o Materia
Número de registros utilizados en: 2
001 - NUMERO DE CONTROL
- Campo de control: 6944
003 - IDENTIFICADOR DEL NUMERO DE CONTROL
- Campo de control: SpMaBN
005 - HORA Y FECHA DE LA ULTIMA TRANSACCIÓN
- Campo de control: 20220624174107.0
008 - CAMPO DE LONGITUD FIJA
- Campo fijo de descripción fija: 910805 n anznnbabn |a ana
016 ## -
- : BNE19940956370
024 7# -
- : http://id.loc.gov/authorities/subjects/sh85134692
- : lcsh
040 ## -
- : SpMaBN
- : spa
- : SpMaBN
- : rdc
- : embne
042 ## -
- : 200606011109PCMPBC BNEP 00
080 ## -
- : 27-1"16"
- : mrf12
150 ## - ENCABEZAMIENTO DE MATERIA-TEMA
- Téma o Materia: Teología dogmática
- Subdivisión cronológica: S.XVII
450 ## - REFERENCIA DE ENVIO “VEASE” - MATERIA
- Encabezamiento temático : Teología dogmática
- Subdivisión general: Historia
- Subdivisión Cronológica: S.XVII
670 ## - FUENTE EN LA QUE SE LOCALIZARON DATOS
- Cita de la fuente : LCSH
- Información localizada : (Theology, Doctrinal-History-17th century)
670 ## - FUENTE EN LA QUE SE LOCALIZARON DATOS
- Cita de la fuente : RAMEAU
- Información localizada : (Théologie dogmatique-17e siècle)
750 #7 - ASIENTO LIGADO AL ENCABEZAMIENTO - TEMATICO
- Encabezamiento temático : Theology, Doctrinal-History-17th century
- Source of heading or term: lcsh
